| 000 | 01139cam a2200325 a 4500 | ||
|---|---|---|---|
| 001 | 18150744 | ||
| 003 | OSt | ||
| 005 | 20150616123134.0 | ||
| 008 | 140514s2012 ilu b 001 0 eng d | ||
| 010 | _a 2013478588 | ||
| 020 | _a9780898031713 | ||
| 040 | _aSEKU | ||
| 050 | 0 | 0 |
_aHB 99.3 _b.P3 2012 |
| 100 | _aPalmer, Tom G. | ||
| 245 | 0 | 0 |
_aAfter the welfare state : _bpoliticians stole your future-- you can get it back / _cedited by Tom G. Palmer, Students for Liberty & Atlas Network |
| 260 |
_aOttawa, Ill. : _bJameson Books, _cc2012. |
||
| 300 |
_a180 p. : _bill. |
||
| 500 | _a"Featuring essays by: David Beiro, Piercamillo Falasca, David Green, Aristides Hatzis, Johan Norberg, Tom G. Palmer, Michael Tanner"--Cover. | ||
| 504 | _aIncludes bibliographical references (p. 143-175). | ||
| 650 | 0 | _aWelfare economics. | |
| 650 | 0 | _aEconomic security. | |
| 650 | 0 | _aPublic welfare. | |
| 700 | 1 |
_aBeito, David T., _d1956- |
|
| 700 | 1 | _aGreen, David G. | |
| 700 | 1 | _aHatzis, Aristides N. | |
| 700 | 1 |
_aNorberg, Johan, _d1973- |
|
| 700 | 1 |
_aTanner, Michael, _d1956- |
|
| 710 | 2 | _aStudents for Liberty. | |
| 942 |
_2lcc _cGEN |
||
| 999 |
_c3975 _d3975 |
||